<?xml version="1.0" encoding="UTF-8"?>
<collection xmlns="http://www.loc.gov/MARC21/slim">
 <record>
  <leader>01849nam a2200193Ia 4500</leader>
  <controlfield tag="001">CTU_40593</controlfield>
  <controlfield tag="008">210402s9999    xx            000 0 und d</controlfield>
  <datafield tag="082" ind1=" " ind2=" ">
   <subfield code="a">370.15</subfield>
  </datafield>
  <datafield tag="082" ind1=" " ind2=" ">
   <subfield code="b">D268</subfield>
  </datafield>
  <datafield tag="100" ind1=" " ind2=" ">
   <subfield code="a">V V Davydov</subfield>
  </datafield>
  <datafield tag="245" ind1=" " ind2="0">
   <subfield code="a">Các dạng khái quát hóa trong dạy học</subfield>
  </datafield>
  <datafield tag="245" ind1=" " ind2="0">
   <subfield code="b">Những vấn đề logic-Tâm lí học của cấu trúc các môn học</subfield>
  </datafield>
  <datafield tag="245" ind1=" " ind2="0">
   <subfield code="c">V V Davydov; Hiệu đính: Bùi Văn Huệ; Dịch giả: Nguyễn Mạnh Hưởng, Dương Thiệu Hoa, Nguyễn Thị Mùi</subfield>
  </datafield>
  <datafield tag="260" ind1=" " ind2=" ">
   <subfield code="a">Hà Nội</subfield>
  </datafield>
  <datafield tag="260" ind1=" " ind2=" ">
   <subfield code="b">Đại học Quốc gia Hà Nội</subfield>
  </datafield>
  <datafield tag="260" ind1=" " ind2=" ">
   <subfield code="c">2000</subfield>
  </datafield>
  <datafield tag="520" ind1=" " ind2=" ">
   <subfield code="a">Chuyên luận bao hàm sự phân tích mang tính tổng hợp nhiều phương diện: Tâm lí học; lí luận dạy học; lí luận nhận thức về các quá trình tư duy khái quát hóa... Công trình mang tính tranh luận. Theo tác giả quá trình hình thành khái nhiệm dưới các hình thức giảng dạy đang được thực hiện trong thực tiễn dạy học hiện nay chưa đáp ứng được những đòi hỏi của tri thức khoa học hiện đại... mà cần các phương pháp mới có cấu trúc hình thành ở học sinh với trình độ tư duy cao hơn. Cuốn sách cần cho các nhà khoa học-tâm lí học và giáo dục học, các nhà phương pháp luận dạy học và các giáo viên quan tâm đến các vấn đề hoàn thiện dạy học trong nhà trường vì sự phát triển trí tuệ của học sinh.</subfield>
  </datafield>
  <datafield tag="650" ind1=" " ind2=" ">
   <subfield code="a">educational psychology,learning, psychology of,thought and thinking</subfield>
  </datafield>
  <datafield tag="980" ind1=" " ind2=" ">
   <subfield code="a">Trung tâm Học liệu Trường Đại học Cần Thơ</subfield>
  </datafield>
 </record>
</collection>
